000
00328nam a2200133Ia 4500
008
150731s2014 xx 000 0 und d
082
_a
611
_b
A 14 S
100
_a
SINGH, VISHRAM
245
_a
TB OF ANATOMY : HEAD,NECK & BRAIN
250
_a
2 ND
260
_b
ELSEVIER- INDIA DELHI
_c
2014
300
_a
445
942
_2
ddc
_c
BK
_0
13
999
_c
7964
_d
7964